全球旅客吞吐量最大的机场 The busiest airports in the world - Statistics

General Stats
  • This quiz has been taken 43 times
  • The average score is 16 of 25
Answer Stats
旅客吞吐量(万人) 机场 % Correct
6592 美国洛杉矶机场
95%
6161 英国希思罗机场
95%
5747 法国巴黎戴高乐机场
95%
5529 美国纽约肯尼迪机场
95%
4356 美国纽瓦克机场
93%
5033 日本羽田机场
88%
4228 美国旧金山机场
88%
9370 美国亚特兰大机场
81%
6834 美国奥黑尔机场
81%
4892 德国法兰克福机场
74%
7336 美国达拉斯机场
71%
5068 美国迈阿密机场
71%
6607 阿联酋迪拜机场
69%
5060 西班牙马德里机场
62%
6429 土耳其伊斯坦布尔机场
60%
4596 美国西雅图机场
55%
5247 荷兰史基浦机场
48%
6929 美国丹佛机场
45%
4626 墨西哥城机场
40%
4162 西班牙巴塞罗那机场
33%
5949 印度甘地机场
29%
5269 美国麦卡伦机场
24%
5018 美国奥兰多机场
24%
4440 美国菲尼克斯机场
21%
4776 美国夏洛特机场
12%
No matching quizzes found
Score Distribution
Percent of People with Each Score
Percentile by Number Answered
Your Score History
You have not taken this quiz